00465pam a2200157 a 4500020001100000040002500011041001300036082001500049100002200064245009800086260003700184300001300221365001100234653003400245700002800279 c700.00 aMedical College Lib. aENGhENG a617.7bPOD aPodos, Steven M.. aText Book of Ophthalmology Vol - 10 Practice Managment Textbook Index / chTextual Documents aLondon : bMosby-Wolfe , c1994. a415 ; c a700.00 aOphthamologyaMedical Science aKamenetzky, Stephen A..